| 000 | 00931nam a2200289 i 4500 | ||
|---|---|---|---|
| 003 | DO-SdBNP | ||
| 005 | 20231227125218.0 | ||
| 007 | ta | ||
| 008 | 231103b2019 dr ||||| |||| 00| 0 spa d | ||
| 020 | _a9789945614374 | ||
| 040 |
_aDO-SdBNP _bspa _cBNPHU _erda |
||
| 082 | 4 |
_aRD861.5 _bU42f _222 |
|
| 100 | 1 |
_aUlloa, Remy, _980935 _eautor _d1986- |
|
| 245 | 1 | 0 |
_aFlagelos luminosos / _cRemy Ulloa ; presentación, Isael Pérez |
| 264 |
_aSanto Domingo : _bSantuario, _c2019. |
||
| 300 |
_a79 páginas : _c23 cm. |
||
| 336 |
_2rdacontent _atexto _btxt |
||
| 337 |
_2rdamedia _asinmediación _bn |
||
| 338 |
_2rdacarrier _avolumen _bnc |
||
| 500 | _aIncluye datos biográficos del autor en las solapas | ||
| 500 | _aObra poética años 2000-2005 | ||
| 590 | _aInventariado, 2023/BT | ||
| 650 | 4 | _aPoesía dominicana | |
| 650 | 4 | _aLiteratura dominicana | |
| 910 | _aBtavárez/Validado. Control de calidad MFF | ||
| 942 |
_2ddc _cLBS1 |
||
| 999 |
_c55399 _d55399 |
||